Kiyoshi Kurosawa Films - Statistics

General Stats
  • This quiz has been taken 14 times
  • The average score is 12 of 43
Answer Stats
Hint Answer % Correct
2024 Cloud
100%
2016 Creepy
100%
1997 Cure
100%
2001 Pulse
100%
2008 Tokyo Sonata
100%
1999 Charisma
80%
2024 Chime
80%
2006 Retribution
80%
2017 Before We Vanish
60%
1998 License to Live
60%
2015 Journey to the Shore
40%
1998 Serpent's Path
40%
2024 Serpent's Path
40%
1999 Barren Illusion
20%
2013 Beautiful Girl 2013
20%
2002 Bright Future
20%
1985 Bumpkin Soup
20%
2016 Dageurrotype
20%
2003 Doppelganger
20%
1998 Eyes of the Spider
20%
1983 Kandagawa Pervert Wars
20%
2013 Real
20%
2000 Seance
20%
1992 The Guard from Underground
20%
2019 To the Ends of the Earth
20%
2020 Wife of a Spy
20%
1996 Door III
0%
2017 Foreboding
0%
2005 Loft
0%
1994 Men or Rage
0%
2013 Seventh Code
0%
1996 Suit Yourself or Shoot Yourself!! III: The Loot
0%
1995 Suit Yourself or Shoot Yourself!! II: The Escape
0%
1995 Suit Yourself or Shoot Yourself!! I: The Heist
0%
1996 Suit Yourself or Shoot Yourself!! IV: The Gamble
0%
1996 Suit Yourself or Shoot Yourself!! VI: The Hero
0%
1996 Suit Yourself or Shoot Yourself!! V: The Nouveau Riche
0%
1989 Sweet Home
0%
1997 The Revenge: A Scar That Never Disappears
0%
1997 The Revenge: A Visit from Fate
0%
1980 Vertigo College
0%
1990 Wordholic Prisoner
0%
1994 Yakuza Taxi
0%
No matching quizzes found
Score Distribution
Percent of People with Each Score
Percentile by Number Answered
Your Score History
You have not taken this quiz